| 000 | 00675nam a2200217 a 4500 | ||
|---|---|---|---|
| 005 | 20240924065042.0 | ||
| 008 | 010709s1989 r 000 0 eng d | ||
| 020 | _a9688603481 | ||
| 035 | _aUPN01000109366 | ||
| 049 | _aCG | ||
| 050 | 4 |
_aLB1511 _bZ4.3 |
|
| 100 | 1 |
_aZepeda, Monique _932349 |
|
| 245 | 1 | 0 |
_aEscuela viva : _bejercicios para la enseñanza en el primer ciclo escolar / _cMonique Zepeda. |
| 260 |
_aMéxico : _bPax-México, _c1989. |
||
| 300 |
_a93 p. : _bil. |
||
| 650 | 7 |
_aActividades escolares _2 _9143 |
|
| 650 | 4 |
_aPRACTICAS DE LA ENSEÑANZA - _xMETODOLOGIA _920073 |
|
| 650 | 4 |
_aEducación primaria _zMéxico _94838 |
|
| 905 | _aLibro | ||
| 999 |
_c83277 _d83277 |
||